Normal view
MARC view
- Smith, Dan
Entry Personal Name
001 - CONTROL NUMBER
- control field: 47043
003 - CONTROL NUMBER IDENTIFIER
- control field: NUST
005 - DATE AND TIME OF LATEST TRANSACTION
- control field: 20210314133713.0
008 - FIXED-LENGTH DATA ELEMENTS
- fixed length control field: 210314|| aca||aabn | a|a d
040 ## - CATALOGING SOURCE
- Original cataloging agency: NUST
- Transcribing agency: NUST
100 ## - HEADING--PERSONAL NAME
- Personal name: Smith, Dan
670 ## - SOURCE DATA FOUND
- Source citation: Work cat.: (NUST): Kidron, Michael. 47039, The war atlas :, 1983.
